| 000 | 00659 a2200217 4500 | ||
|---|---|---|---|
| 999 |
_c4386 _d4386 |
||
| 020 | _a0340803745 | ||
| 050 | _aQA 135.5 BER 2002 | ||
| 100 |
_aBerry, Cathrine et. al. _eauthor |
||
| 245 |
_aHodder mathematics intermediate 2 _cCatherine Berry |
||
| 264 |
_aLondon : _bHodder & stoughton _c2002 |
||
| 300 |
_a198p. : _bill. |
||
| 500 | _aIncludes index | ||
| 650 | _aMathematics | ||
| 650 | _a Mathematics -- Problems, exercises, | ||
| 700 |
_aBryden, Pat _eauthor |
||
| 700 |
_aCowey, Diana _eauthor |
||
| 700 |
_aFaulkner, Dave _eauthor |
||
| 700 |
_aThomas, Julian _eauthor |
||
| 700 |
_aWood, Christine _eauthor |
||
| 942 |
_2lcc _cBK _e2nd _h135.5 _iBER _kQA |
||